000 01065cam a22002658a 4500
005 20080915114917.0
008 080909s2008 ii b 000 0 eng
010 _aENG-91945
020 _a9788178298900
_c595.00
035 _aEN-75478
037 _bDBAD / PUB
040 _adpl
_bEnglish
082 _a300.72
100 _aChevalier, Jacques M.,
245 _aSAS2 :
_ba guide to collaborative inquiry and social engagement /
_cby Jacques M. Chevalier [and] Daniel J. Buckles.
246 _aSocial analysis systems 2 (SAS2):
_ba guide to collaborative inquiry and social engagement /
260 _aNew Delhi
_bSAGE Publications
_c2008
300 _a315p.
_c25cm (pbk)
650 _aSocial sciences
_xResearch.
650 _aSociology
_xResearch.
650 _aSocial sciences
_xMethodology.
700 _aBuckles, Daniel,
942 _2ddc
_cEN
_h300.72
_mCHE
999 _c19353
_d19353